书目信息 |
| 题名: |
把最宝贵的东西给予儿童
|
|
| 作者: | 封莉容 , 周卫 主编 | |
| 分册: | ||
| 出版信息: | 北京 人民教育出版社 2001 |
|
| 页数: | 281页 | |
| 开本: | 21cm | |
| 丛书名: | 面向未来的基础学校丛书 | |
| 单 册: | ||
| 中图分类: | G619.21 , G61 | |
| 科图分类: | ||
| 主题词: | 幼儿园--学前教育--案例--研究--中国 | |
| 电子资源: | ||
| ISBN: | 7-107-14739-0 | |
| 000 | 01164oam2 2200301 450 | |
| 001 | 1536952195 | |
| 005 | 20150126101615.06 | |
| 010 | @a7-107-14739-0@dCNY29.50 | |
| 100 | @a20011013d2001 kemy0chiy0110 ea | |
| 101 | 0 | @achi |
| 102 | @aCN@b110000 | |
| 105 | @aa z 000yy | |
| 200 | 1 | @a把最宝贵的东西给予儿童@9ba zui bao gui de dong xi gei yu er tong@e宋庆龄幼儿园质的案例研究@f封莉容,周卫主编 |
| 210 | @a北京@c人民教育出版社@d2001 | |
| 215 | @a281页@c彩照@d21cm@e光盘1片 | |
| 225 | 2 | @a面向未来的基础学校丛书 |
| 300 | @a教育部“九五”教育科学规划重点课题成果 全国社会科学基金资助出版 | |
| 307 | @a附光盘:ISRC CN-M01-01-0086-0 | |
| 330 | @a本书共分四章,内容有:教育过程中尊重与要求的和谐统一,三种风格的半日教学活动案例研究,研究者与教师合作取向的实践反思,研究目标与方法概述。 | |
| 461 | 0 | @12001 @a面向未来的基础学校丛书 |
| 517 | 1 | @a宋庆龄幼儿园质的案例研究@9song qing ling you er yuan zhi de an li yan jiu |
| 606 | 0 | @a幼儿园@x学前教育@x案例@x研究@y中国 |
| 690 | @aG619.21@v5 | |
| 690 | @aG61@v4 | |
| 701 | 0 | @a封莉容@9feng li rong@4主编 |
| 701 | 0 | @a周卫@9zhou wei@4主编 |
| 801 | 0 | @aCN@bTSSF@c20150126 |
| 905 | @aZUCC@dG61@eJY27 | |
| 把最宝贵的东西给予儿童:宋庆龄幼儿园质的案例研究/封莉容,周卫主编.-北京:人民教育出版社,2001 |
| 281页:彩照;21cm+光盘1片.-(面向未来的基础学校丛书) |
| 教育部“九五”教育科学规划重点课题成果 全国社会科学基金资助出版 |
| ISBN 7-107-14739-0:CNY29.50 |
| 本书共分四章,内容有:教育过程中尊重与要求的和谐统一,三种风格的半日教学活动案例研究,研究者与教师合作取向的实践反思,研究目标与方法概述。 |
| ● |
| 相关链接 |
|
|
|
|
正题名:把最宝贵的东西给予儿童
索取号:G61/JY27
 
预约/预借
| 序号 | 登录号 | 条形码 | 馆藏地/架位号 | 状态 | 备注 |
| 1 | 7859816 | 278598162 | 学院路分馆/ [索取号:G61/JY27] | 在馆 |